000 00595nam a2200169Ia 4500
003 IN-BaIIA
008 211028s9999 xx 000 0 eng d
020 _a0-691-08229-4
040 _cIIA Library
080 _a92:53
_bELI
245 0 _aElie Cartan - Albert Einstein
_bletters on absolute parallelism 1929-1932
_cedited by Robert Debever
260 _aPrinceton
_bPrinceton University Press
_c1979
300 _axvii, 233p.
650 _aBiography - Albert Einstein, Albert Einstein - Biography
_921336
700 _aDebever, Robert., ed.
_921337
942 _cBK
999 _c12212
_d12212